000 00324nam a2200145Ia 4500
008 230718s9999 xx 000 0 und d
041 _aEng.
082 _a500
_b4.M-H
100 _a4.M. Dei tel
245 0 _aHow To Process
260 _aPakistan
_boxford an pross
_c2001
300 _a1398
650 _aLaw
999 _c26111
_d26111